000 02117nas a2200541 a 4500
001 77557
003 BD-RjUL
005 20211209083002.0
008 201123c19519999oncmr4p b f0 a0eng d
035 _a(BD-RjUL)
040 _aLC
_beng
_cLC
_dLC
_dVIT
_dBD-RjUL
041 0 _aeng
060 0 _aW1
_bCA578
082 0 4 _223
_a580.5
_bCJB 1987
245 0 0 _aCanadian journal of botany =
_bJournal canadien de botanique.
246 3 1 _aJournal canadien de botanique
_f1973-1991
246 3 1 _aRevue canadienne de botanique
_f1992-
260 _aOttawa :
_bNational Research Council of Canada,
_c1951-
300 _av. :
_bill., maps. ;
_c26 cm.
321 _aFortnightly
_b1975-1980.
321 _aSemimonthly
_b1951-1974.
500 _aParallel title changed, Vol. 70 (1992)- to Revue canadienne de botanique.
504 _aIncludes bibliographies.
510 1 _aBiological & agricultural index
_x0006-3177
510 2 _aASTIS bibliography
_x0226-1685
_b1978-
510 2 _aASTIS current awareness bulletin
_x0705-8454
_b1978-
510 2 _aBibliography of agriculture
_x0006-1530
510 2 _aBiological abstracts
_x0006-3169
510 2 _aChemical abstracts
_x0009-2258
510 2 _aGeoRef
_x0197-7482
510 2 _aInternational aerospace abstracts
_x0020-5842
550 _aVols. for Feb. 1951-Dec. 1973 issued by National Research Council of Canada; Jan. 1974- issued by National Research Council Canada.
650 3 _aBotany
_xPeriodicals.
_9242082
710 2 _aNational Research Council Canada.
_9242083
710 2 _aNational Research Council of Canada.
_9242084
776 1 _tCanadian journal of botany
_x0008-4026
776 1 _tCanadian journal of botany [microform]
_x0008-4026
780 0 0 _tCanadian journal of research. Section C, Botanical sciences
942 _2ddc
_cBK
999 _c77557
_d77557